00443nam a22001697a 450000500170000000800410001702000180005802200150007604100120009108200120010310000120011524500420012725000180016926000320018730000290021965000250024820241205104443.0241205b |||||||| |||| 00| 0 eng d a9780639016740 a0409004480 aEnglish a349 JOU lEnglish aThe Law of South Africa /cWA Joubert aThird Edition aDurban: bLexisNexis,c2024 bvii, 485 pages; c25 cm. aLegal practice bLaw